| 000 | 00754cab a2200253 4500 | ||
|---|---|---|---|
| 001 | ABS49599 | ||
| 008 | 090401t xxu||||| |||| 00| 0 eng d | ||
| 035 | _a(Sirsi) u71900 | ||
| 041 | _aeng | ||
| 245 | _aProcurement | ||
| 350 | _a0 | ||
| 490 |
_aBuilding _v258(7820) 56-60(5) |
||
| 520 | _aAn examination of procurement lead times, containing a chart for 38 key building components and a more detailed look at panelised cladding. | ||
| 650 | _aBUILT ENVIRONMENT-BUILDING MATERIALS | ||
| 650 | _aGARDINER & THEOBALD | ||
| 650 | _aMACE | ||
| 650 | _aPANELISED CLADDING | ||
| 650 | _aPROCUREMENT LEAD TIMES | ||
| 650 | _aProcurement-old | ||
| 650 | _aVARIABLE AIR VOLUME | ||
| 690 | _aBUILT ENVIRONMENT | ||
| 942 | _n0 | ||
| 948 | _c04/03/1997 | ||
| 999 |
_c45349 _d45349 |
||